000
00381nam a22001697a 4500
003
MPLRDC
005
20220104144420.0
008
210129b ||||| |||| 00| 0 eng d
082
_a
868.71 WY-5
100
_a
韦晕著
245
_a
乌鸦港上黄昏
_c
250
_a
初版
260
_a
_b
文化供应社
_c
1956
300
_b
平
650
_a
942
_c
BK
_o
868.71 WY-5
999
_c
49391
_d
49381